|
|
|
|
| LEADER |
02192nam a2200385 a 4500 |
| 001 |
25691 |
| 003 |
BD-DhAAL |
| 008 |
120731r20001994bg b 001 0 eng |
| 010 |
|
|
|a 94905520
|
| 020 |
|
|
|a 984812702X
|
| 020 |
|
|
|a 9789843428509
|
| 040 |
|
|
|a DLC
|c DLC
|d BD-DhAAL
|
| 042 |
|
|
|a lcode
|
| 043 |
|
|
|a a-bg---
|a a-ii---
|
| 082 |
0 |
0 |
|a 320.54095492
|2 21
|
| 100 |
1 |
|
|a Ahmed, A. F. Salahuddin,
|d 1924-
|9 51119
|
| 245 |
1 |
0 |
|a Bengali nationalism and the emergence of Bangladesh :
|b an introductory outline /
|c A.F. Salahuddin Ahmed.
|
| 260 |
|
|
|a Dhaka, Bangladesh :
|b International Centre for Bengal Studies :
|b Distributor, University Press,
|c 2000.
|
| 300 |
|
|
|a 95 pages ;
|c 22 cm.
|
| 490 |
|
|
|a ICBS series ;
|v 4
|
| 500 |
|
|
|a "English version of 'Poet Matiur Rahman Memorial Lectures' ... delivered in Bengali at the Dhaka University in March 1991"--Pref.
|
| 504 |
|
|
|a Includes bibliographical references and index.
|
| 526 |
|
|
|a GenEd
|
| 541 |
|
|
|a Book Finder International, Donated By Akbar Ali Khan
|e 25691, 39481, 40236
|
| 650 |
|
0 |
|a Nationalism
|z Bangladesh
|x History.
|9 51120
|
| 651 |
|
0 |
|a Bangladesh
|x Politics and government.
|9 51121
|
| 651 |
|
0 |
|a Bengal (India)
|x Politics and government.
|9 51122
|
| 830 |
|
|
|a ICBS series ;
|v 4
|9 52885
|
| 852 |
1 |
|
|a Ayesha Abed Library
|c General Stacks
|
| 942 |
|
|
|2 ddc
|c BK
|
| 999 |
|
|
|c 12682
|d 12682
|
| 952 |
|
|
|0 0
|1 0
|2 ddc
|4 0
|6 320_540954920000000_AHM
|7 0
|9 20911
|a IGS
|b IGS
|c GEN
|d 2012-08-05
|e The University Press
|g 150.00
|l 1
|m 2
|o 320.54095492 AHM
|p 3010025691
|r 2014-06-10
|s 2013-02-18
|t 1
|w 2012-08-05
|y BK
|
| 952 |
|
|
|0 0
|1 0
|2 ddc
|4 0
|6 320_540954920000000_AHM
|7 0
|9 71532
|a SCL
|b SCL
|c GEN
|d 2022-08-03
|e Book Finder International
|g 241.33
|l 7
|o 320.54095492 AHM
|p 3020039481
|r 2025-03-16
|s 2025-03-06
|t 2
|v 0.00
|w 2022-08-03
|y BK
|
| 952 |
|
|
|0 0
|1 0
|2 ddc
|4 0
|6 320_540954920000000_AHM
|7 1
|9 72493
|a BRACUL
|b BRACUL
|c AAKC
|d 2022-12-14
|e Donated by Akbar Ali Khan
|g 200.00
|l 0
|o 320.54095492 AHM
|p 3010040236
|r 2022-12-14
|t 3
|w 2022-12-14
|y BK
|
| 952 |
|
|
|0 0
|1 0
|2 ddc
|4 0
|6 320_540954920000000_AHM
|7 0
|9 74549
|a BRACUL
|b BRACUL
|c GEN
|d 2023-10-10
|e Complimentary copy from BIED
|l 1
|m 1
|o 320.54095492 AHM
|p 3010041861
|r 2024-03-02
|s 2024-02-22
|t 4
|w 2023-10-10
|y BK
|x Transferred from BIED to General Stacks
|